Algebra for college students (Record no. 284475)
[ view plain ]
| 000 -LEADER | |
|---|---|
| fixed length control field | 00748nam a22002177a 4500 |
| 003 - CONTROL NUMBER IDENTIFIER | |
| control field | PILC |
| 005 - DATE AND TIME OF LATEST TRANSACTION | |
| control field | 20160107144809.0 |
| 008 - FIXED-LENGTH DATA ELEMENTS--GENERAL INFORMATION | |
| fixed length control field | 150528b xxu||||| |||| 00| 0 eng d |
| 010 ## - LIBRARY OF CONGRESS CONTROL NUMBER | |
| LC control number | 2007035865 |
| 020 ## - INTERNATIONAL STANDARD BOOK NUMBER | |
| International Standard Book Number | 0071249982 |
| 020 ## - INTERNATIONAL STANDARD BOOK NUMBER | |
| International Standard Book Number | 9780071249980 |
| 050 00 - LIBRARY OF CONGRESS CALL NUMBER | |
| Classification number | QA 152.3 |
| Item number | .D837 2006 |
| 100 1# - MAIN ENTRY--PERSONAL NAME | |
| Personal name | Dugopolski, Mark. |
| 245 10 - TITLE STATEMENT | |
| Title | Algebra for college students |
| Statement of responsibility, etc | Mark Dugopolski. |
| 250 ## - EDITION STATEMENT | |
| Edition statement | Fourth edition, International edition. |
| 300 ## - PHYSICAL DESCRIPTION | |
| Extent | 1 volume (various pagings) : |
| Other physical details | illustrations ; |
| Dimensions | 22 cm. |
| 440 #0 - SERIES STATEMENT/ADDED ENTRY--TITLE | |
| Title | McGraw-Hill international editions |
| 500 ## - GENERAL NOTE | |
| General note | Reprint. Originally published: Boston : McGraw-Hill Higher Education, 2006. |
| 650 #0 - SUBJECT ADDED ENTRY--TOPICAL TERM | |
| Topical term or geographic name as entry element | Algebra |
| Form subdivision | Textbooks. |
| 942 ## - ADDED ENTRY ELEMENTS (KOHA) | |
| Source of classification or shelving scheme | Library of Congress Classification |
| Koha item type | Books |
| Classification part | QA 152.3 .D837 2006 |
| Withdrawn status | Lost status | Source of classification or shelving scheme | Damaged status | Home library | Current library | Shelving location | Date acquired | Source of acquisition | Total Checkouts | Full call number | Barcode | Date last seen | Date checked out | Price effective from | Koha item type |
|---|---|---|---|---|---|---|---|---|---|---|---|---|---|---|---|
| Library of Congress Classification | Luxembourg Library | Luxembourg Library | International Baccalaureate Section | 05/28/2015 | Library Fund | 3 | QA152.3 .D837 2006 | IB0092 | 06/20/2019 | 05/25/2017 | 05/28/2015 | Books |